000 00552nam a2200205Ia 4500
003 0100
008 130303s9999 xx 000 0 und d
040 _cARRUPELIB
050 _aJC179.M6813 1990
100 _aMontesquieu, Charles de Secondat, baron de
245 _aSelected political writings
260 _aIndianapolis IN
260 _bHackett Pub. Co.
260 _C1990
300 _a290p
650 _bZimbabwe--Economic conditions
650 _cZimbabwe--Politics and government
700 _atr. ed. by Melvin Richter
942 0 0 _01
999 _c20947
_d20947